000 01150nam a2200313Ia 4500
003 OSt
005 20221007125341.0
006 a|||||r|||| 00| 0
007 ta
008 221006b |||||||| |||| 00| 0 eng d
020 _a9814066508 (pbk)
_c
_ 9.00
024 _a9307
037 _bDhanraj,
_cTextual
040 _aCDL
_cCDL
_beng
041 _2eng
_aeng
082 _aE:3, N6
100 _aSkoog Douglas A
245 0 _aFundamentals of analytical chemistry by Douglas A Skoog and others
_b West Donald M Holler F James
250 _aEd 7
260 _aSingapore
_bHarcourt Asia Pte. Ltd.
_c1996
300 _axviii, 870p+vp
_ccm.
500 _aGlossary G1-G20p; Appendix 1-11 A1-A39p; Index I1-I23p; ^n23/CSL/CARC/2001-2002/975^d2002-03-15^mPurchase; ; 2001-02/593^b2002-03-26^c319^d2002-03-18^eRs.1,076.13^fDhanraj Book House; ; 2002-08-01^bSB^c2002-10-01^dRPS
650 _a Analytical
_9712745
650 _aChemistry
700 _a Holler F James
700 _a West Donald M
_9721817
942 _hE:3, N6
_cTEXL
_2CC
999 _c1215125
_d1215125